00214nam a22000857a 4500003000400000082002100004245003300025260006200058300000800120OSt bIINRG/AR 2013-14 aAnnual Report 2013-14bIINRG aRanchibIndian Institute of Natural Resins and Gumsc2014 a128